[Event "Saint-Chély d'Aubrac Op"]
[Site "Saint-Chély d'Aubrac (12)"]
[Date "2010.07.15"]
[Round "7.25"]
[White "Pierron, Baptiste"]
[Black "Moulie, Patrick"]
[Result "0-1"]
[WhiteElo "1400"]
[BlackElo "1639"]
[PlyCount "102"]
[EventDate "2010.??.??"]

1. e4 e6 2. Nf3 c5 3. d3 b5 4. a3 Bb7 5. Bd2 Nc6 6. Be3 Nf6 7. d4 cxd4 8. Nxd4
Nxd4 9. Bxd4 a6 10. Nc3 Nxe4 11. Nxe4 Bxe4 12. Bd3 Bxg2 13. Rg1 Qh4 14. Bxb5
axb5 15. Rxg2 f6 16. Qf3 Rc8 17. O-O-O h5 18. Qb7 Qf4+ 19. Be3 Qc7 20. Qe4 f5
21. Qd3 b4 22. Bb6 Qc6 23. f3 bxa3 24. bxa3 Bxa3+ 25. Kd2 Bf8 26. Ke2 Qxc2+ 27.
Qxc2 Rxc2+ 28. Kf1 Rxg2 29. Kxg2 g5 30. h3 d5 31. Bd4 Rg8 32. Ra1 g4 33. fxg4
hxg4 34. hxg4 Rxg4+ 35. Kf3 Rxd4 36. Ra8+ Kf7 37. Ra7+ Be7 38. Ke3 Rc4 39. Rb7
Kf6 40. Rb6 Bc5+ 41. Kd3 Bxb6 42. Kd2 d4 43. Kd3 Rc3+ 44. Kd2 e5 45. Ke2 e4 46.
Kd2 f4 47. Ke2 Rc2+ 48. Kd1 d3 49. Ke1 e3 50. Kd1 f3 51. Ke1 Rc1# 0-1

[Event "Saint-Chély d'Aubrac Op"]
[Site "Saint-Chély d'Aubrac (12)"]
[Date "2010.07.15"]
[Round "7.26"]
[White "Levy, Nicolas"]
[Black "Meyer, Bernard"]
[Result "1-0"]
[WhiteElo "1610"]
[BlackElo "1490"]
[PlyCount "60"]
[EventDate "2010.??.??"]

1. e4 e6 2. d4 d5 3. Nc3 c5 4. dxc5 Bxc5 5. exd5 e5 6. Nf3 Bg4 7. Be2 Bxf3 8.
Bxf3 Nf6 9. Bg5 Nbd7 10. d6 Qb6 11. O-O Rb8 12. Na4 Qxd6 13. Qxd6 Bxd6 14. Rad1
Be7 15. Bxf6 Bxf6 16. Rfe1 Ke7 17. Bg4 Nb6 18. Nxb6 axb6 19. f4 e4 20. Rxe4+
Kf8 21. Rb4 Bd8 22. Rd5 g6 23. Rd7 Be7 24. Rb5 Re8 25. Rxb7 Bc5+ 26. Kf1 Kg7
27. a4 h5 28. Bf3 Re3 29. a5 Rhe8 30. Kf2 Rb3+ 1-0

[Event "Saint-Chély d'Aubrac Op"]
[Site "Saint-Chély d'Aubrac (12)"]
[Date "2010.07.15"]
[Round "7.28"]
[White "Grange, Laurent"]
[Black "Barnicol, Georges"]
[Result "1-0"]
[WhiteElo "1513"]
[BlackElo "1320"]
[PlyCount "75"]
[EventDate "2010.??.??"]

1. e4 c5 2. Nc3 e6 3. Bc4 a6 4. a4 Nc6 5. d3 Nf6 6. Bg5 Be7 7. f4 d5 8. Bxf6
Bxf6 9. exd5 exd5 10. Ba2 O-O 11. Nge2 d4 12. Ne4 Be7 13. O-O b5 14. axb5 axb5
15. Bxf7+ Rxf7 16. Rxa8 Nb4 17. Ra1 Bg4 18. Qd2 Rf8 19. N2g3 Qc8 20. h3 Be6 21.
Rf3 c4 22. Raf1 Nc6 23. Qf2 Bh4 24. Qe2 Bd5 25. Nh1 Bf7 26. Nd6 Qb8 27. Nxf7
Rxf7 28. dxc4 Re7 29. Qd3 bxc4 30. Qxc4+ Kh8 31. Qxc6 h6 32. b3 d3 33. Rxd3
Qa7+ 34. Kh2 g5 35. Qxh6+ Kg8 36. Qg6+ Kf8 37. Rd8+ Re8 38. Rxe8# 1-0

[Event "Saint-Chély d'Aubrac Op"]
[Site "Saint-Chély d'Aubrac (12)"]
[Date "2010.07.15"]
[Round "7.29"]
[White "Grange, Gary"]
[Black "Rateau, Cyprien"]
[Result "0-1"]
[WhiteElo "1190"]
[BlackElo "1360"]
[PlyCount "118"]
[EventDate "2010.??.??"]

1. d4 d5 2. c4 dxc4 3. e4 Nc6 4. Nf3 Bg4 5. Be3 e5 6. d5 Nb4 7. Bxc4 Bxf3 8.
gxf3 c6 9. Nc3 Nf6 10. Qd2 Be7 11. a4 O-O 12. dxc6 Qxd2+ 13. Kxd2 bxc6 14. Rhg1
Rfd8+ 15. Ke2 h6 16. Bxh6 Bf8 17. Bg5 Be7 18. Be3 Nh5 19. Rad1 Rxd1 20. Rxd1
Nf4+ 21. Bxf4 exf4 22. Rg1 Nc2 23. Rg4 g5 24. h4 Nd4+ 25. Ke1 Nxf3+ 26. Ke2
Nxh4 27. Ba6 Rb8 28. Nd1 f6 29. b3 Kg7 30. Bc4 Ng6 31. f3 Ne5 32. Rg2 Nxc4 33.
bxc4 Rb4 34. c5 Bxc5 35. e5 Bd4 36. e6 Rxa4 37. e7 Kf7 38. Nc3 Bxc3 39. Rxg5
fxg5 40. e8=Q+ Kxe8 41. Kd3 Ra2 42. Ke4 Bd4 43. Kd3 Ra3+ 44. Ke2 c5 45. Ke1 Ra2
46. Kd1 c4 47. Ke1 c3 48. Kd1 Rh2 49. Kc1 Be3+ 50. Kb1 c2+ 51. Kb2 c1=Q+ 52.
Kb3 Qb2+ 53. Kc4 Rc2+ 54. Kd5 Qd4+ 55. Ke6 Rc6+ 56. Kf5 Qd7+ 57. Ke4 Rc4+ 58.
Ke5 Bd4+ 59. Ke4 Bb2# 0-1

[Event "Saint-Chély d'Aubrac Op"]
[Site "Saint-Chély d'Aubrac (12)"]
[Date "2010.07.15"]
[Round "7.30"]
[White "Colombo, Maceo"]
[Black "Grange, Julien"]
[Result "0-1"]
[WhiteElo "1199"]
[BlackElo "1280"]
[PlyCount "42"]
[EventDate "2010.??.??"]

1. e4 e5 2. Nf3 Nc6 3. Bc4 Bc5 4. d3 d6 5. Nc3 Nf6 6. Bg5 O-O 7. O-O Qe7 8. Nd5
Qd8 9. c3 Bb6 10. Bb5 Nb8 11. d4 c6 12. Nxf6+ gxf6 13. Bh6 cxb5 14. Nh4 Re8 15.
Nf5 Bxf5 16. exf5 Kh8 17. Qh5 Qd7 18. dxe5 dxe5 19. g4 Rg8 20. Kh1 Bxf2 21.
Rad1 Qc6+ 0-1

[Event "Saint-Chély d'Aubrac Op"]
[Site "Saint-Chély d'Aubrac (12)"]
[Date "2010.07.15"]
[Round "7.31"]
[White "Rota Graziosi, Annael"]
[Black "Rota Graziosi, Fanny"]
[Result "0-1"]
[WhiteElo "1150"]
[BlackElo "1200"]
[PlyCount "90"]
[EventDate "2010.??.??"]

1. e4 e5 2. Nf3 Nc6 3. Bc4 Bc5 4. Ng5 Qxg5 5. d3 Qf6 6. O-O Qd8 7. Nc3 Nf6 8.
Bg5 h6 9. Bh4 O-O 10. h3 Be7 11. Bb5 d5 12. Ba4 dxe4 13. dxe4 a6 14. Bxc6 bxc6
15. Qc1 Qd4 16. Ne2 Qxe4 17. Bg3 Qxe2 18. Re1 Qb5 19. Bxe5 Qd5 20. Bxc7 Bb7 21.
f3 Rac8 22. Be5 Rfe8 23. Bc3 Bc5+ 24. Kh1 Rxe1+ 25. Qxe1 Re8 26. Qg3 Bd4 27.
Bd2 Nh5 28. Qg4 Bc8 29. Qh4 Qc5 30. c3 Bf6 31. Qa4 Qf2 32. Qxc6 Re2 33. Qxc8+
Kh7 34. Rg1 Rxd2 35. Qf5+ g6 36. Qg4 Bg5 37. h4 f5 38. Qh3 Nf4 39. Qh2 Ne2 40.
Qc7+ Kg8 41. Qc4+ Kf8 42. Qb4+ Be7 43. Qb8+ Rd8 44. Qh2 Bd6 45. Qh3 Qxg1# 0-1

[Event "Saint-Chély d'Aubrac Op"]
[Site "Saint-Chély d'Aubrac (12)"]
[Date "2010.07.16"]
[Round "8.2"]
[White "Degraeve, Jean-Marc"]
[Black "Villegas, Pierre"]
[Result "1-0"]
[WhiteElo "2569"]
[BlackElo "2244"]
[PlyCount "85"]
[EventDate "2010.??.??"]

1. e4 c6 2. Ne2 g6 3. d4 d5 4. Nbc3 Bg7 5. h3 dxe4 6. Nxe4 Nd7 7. Be3 Ngf6 8.
Nxf6+ Nxf6 9. Qd2 O-O 10. O-O-O Ne4 11. Qe1 Qd5 12. f3 Nd6 13. Kb1 Nf5 14. Bc1
e5 15. Nc3 Qa5 16. d5 Nd4 17. dxc6 Bf5 18. Bd3 Bxd3 19. Rxd3 Nxc6 20. Nd5 Qxe1
21. Rxe1 f6 22. Red1 Rf7 23. c3 Kf8 24. b4 Ke8 25. b5 Nd8 26. Be3 Ne6 27. a4
Bf8 28. a5 Bc5 29. b6 axb6 30. axb6 Bxe3 31. Rxe3 Kf8 32. Red3 Rc8 33. Kb2 Rc6
34. Ka3 Kg7 35. g3 Rf8 36. Kb4 Rf7 37. c4 Rf8 38. Rc3 Rfc8 39. Ra1 Nc5 40. Ra7
Kf7 41. Kb5 f5 42. Nc7 Nd7 43. Rxb7 1-0

[Event "Saint-Chély d'Aubrac Op"]
[Site "Saint-Chély d'Aubrac (12)"]
[Date "2010.07.16"]
[Round "8.3"]
[White "Apicella, Manuel"]
[Black "Muller, Anne"]
[Result "1-0"]
[WhiteElo "2529"]
[BlackElo "2184"]
[PlyCount "105"]
[EventDate "2010.??.??"]

1. e4 c5 2. Nf3 d6 3. d4 cxd4 4. Nxd4 Nf6 5. Nc3 Nc6 6. Be2 g6 7. O-O Bg7 8.
Nb3 O-O 9. Bg5 a5 10. a4 Be6 11. Kh1 Rc8 12. f4 Nb4 13. Nd4 Bc4 14. Ndb5 Bxb5
15. Bxb5 d5 16. exd5 Nfxd5 17. Nxd5 Nxd5 18. Qf3 Nf6 19. c3 Qc7 20. f5 Rcd8 21.
Rae1 gxf5 22. Qxf5 Rd5 23. Qf4 Qxf4 24. Bxf4 e6 25. Bc7 Rd2 26. Re2 Rxe2 27.
Bxe2 Nd5 28. Bg3 Rc8 29. Rd1 Nb6 30. Bb5 h6 31. Bf4 Nc4 32. Bc1 Ne5 33. g3 Kf8
34. Kg2 Ke7 35. Be3 Nc4 36. Rd7+ Kf6 37. Bxc4 Rxc4 38. b3 Rc8 39. Rxb7 Kg6 40.
c4 Bc3 41. Bb6 e5 42. Rc7 Rb8 43. Rc6+ f6 44. Kf3 h5 45. Ke4 Kg5 46. Kd3 Bb4
47. c5 f5 48. Re6 e4+ 49. Ke2 h4 50. Bc7 Rc8 51. Bf4+ Kg4 52. c6 hxg3 53. hxg3
1-0

[Event "Saint-Chély d'Aubrac Op"]
[Site "Saint-Chély d'Aubrac (12)"]
[Date "2010.07.16"]
[Round "8.6"]
[White "Nass, Emile"]
[Black "Muheim, Sebastien"]
[Result "1/2-1/2"]
[WhiteElo "2248"]
[BlackElo "2112"]
[PlyCount "70"]
[EventDate "2010.??.??"]

1. d4 f5 2. g3 Nf6 3. Bg2 g6 4. Nf3 Bg7 5. b3 O-O 6. Bb2 d6 7. Nbd2 e6 8. c4
Qe7 9. Qc2 Nc6 10. a3 e5 11. d5 Nd8 12. e3 Nf7 13. b4 a5 14. bxa5 Rxa5 15. Bc3
Ra8 16. a4 g5 17. Nb3 Ne4 18. Bb2 Nc5 19. Nxc5 dxc5 20. Nd2 e4 21. Bxg7 Kxg7
22. Qc3+ Qe5 23. Qxe5+ Nxe5 24. O-O Rf6 25. Nb3 b6 26. Rfc1 Ba6 27. Nd2 c6 28.
dxc6 Rd6 29. Rc2 Nxc6 30. g4 Rad8 31. Nf1 fxg4 32. Bxe4 Ne5 33. Bd5 Nf3+ 34.
Kg2 Nh4+ 35. Kg1 Nf3+ 1/2-1/2

[Event "Saint-Chély d'Aubrac Op"]
[Site "Saint-Chély d'Aubrac (12)"]
[Date "2010.07.16"]
[Round "8.7"]
[White "Batteux, Mickael"]
[Black "Richard, Emma"]
[Result "1/2-1/2"]
[WhiteElo "2003"]
[BlackElo "2100"]
[PlyCount "67"]
[EventDate "2010.??.??"]

1. d4 Nf6 2. Nf3 c5 3. d5 e6 4. c4 exd5 5. cxd5 d6 6. Nc3 g6 7. Qa4+ Bd7 8. Qb3
Na6 9. e4 Rb8 10. Bg5 Be7 11. a4 h6 12. Bd2 Nc7 13. Bd3 a6 14. a5 Na8 15. O-O
Kf8 16. e5 dxe5 17. Nxe5 Bd6 18. Nxd7+ Qxd7 19. Ne4 Nxe4 20. Bxe4 Kg7 21. f4
Rhe8 22. Rae1 f6 23. f5 g5 24. Qh3 Nc7 25. Bc3 Qf7 26. Bf3 Rf8 27. Re6 Nxe6 28.
fxe6 Qg6 29. Bg4 Kg8 30. Bf5 Qg7 31. Re1 Rbe8 32. Qe3 Re7 33. Qe4 Rfe8 34. Re3
1/2-1/2

[Event "Saint-Chély d'Aubrac Op"]
[Site "Saint-Chély d'Aubrac (12)"]
[Date "2010.07.16"]
[Round "8.8"]
[White "Massoni, Michael"]
[Black "Husson, Cybele"]
[Result "1-0"]
[WhiteElo "2308"]
[BlackElo "2040"]
[PlyCount "79"]
[EventDate "2010.??.??"]

1. e4 Nf6 2. e5 Nd5 3. d4 d6 4. c4 Nb6 5. exd6 exd6 6. Nc3 Be7 7. Bd3 Nc6 8.
Nge2 Bg4 9. Be3 O-O 10. O-O Re8 11. a3 Bg5 12. Qc2 h5 13. Bxg5 Qxg5 14. Ne4 Qh6
15. f3 Bf5 16. Kh1 d5 17. c5 Nd7 18. N4c3 Bxd3 19. Qxd3 Re3 20. Qb5 Rae8 21.
Ng3 Qe6 22. Nxh5 Nxd4 23. Qa4 Nc6 24. Nf4 Qe5 25. Nfxd5 Nxc5 26. Qc4 Rxc3 27.
Nxc3 Nd4 28. f4 Qd6 29. Rad1 Ncb3 30. Nb5 Qa6 31. a4 c6 32. Nd6 Qxc4 33. Nxc4
Re2 34. Rd3 b5 35. axb5 cxb5 36. Nd6 Rxb2 37. f5 a5 38. Rc3 f6 39. Re1 Kh7 40.
Rh3+ 1-0

[Event "Saint-Chély d'Aubrac Op"]
[Site "Saint-Chély d'Aubrac (12)"]
[Date "2010.07.16"]
[Round "8.9"]
[White "Lavanchy, Marc-Henri"]
[Black "Moingt, Jean-Claude"]
[Result "0-1"]
[WhiteElo "1912"]
[BlackElo "2290"]
[PlyCount "70"]
[EventDate "2010.??.??"]

1. c4 Nf6 2. Nf3 g6 3. g3 Bg7 4. Bg2 d6 5. d4 c6 6. Nc3 O-O 7. O-O Bf5 8. Re1
Ne4 9. Nd2 Nxc3 10. bxc3 Na6 11. e4 Bd7 12. Qc2 Qc7 13. Nb3 Rac8 14. Rb1 c5 15.
d5 Nb8 16. Bd2 Ba4 17. f4 Nd7 18. Bh3 b5 19. Qd3 Rb8 20. Bxd7 Qxd7 21. cxb5 c4
22. Qxc4 Bxb5 23. Qb4 Bd3 24. Qa3 Bxb1 25. Rxb1 Rfc8 26. Rc1 Rc4 27. e5 dxe5
28. fxe5 Bxe5 29. Qa6 Ra4 30. Nc5 Rxa6 31. Nxd7 Rb2 32. Bg5 Bd6 33. c4 Rb7 34.
c5 Rxd7 35. cxd6 Raxd6 0-1

[Event "Saint-Chély d'Aubrac Op"]
[Site "Saint-Chély d'Aubrac (12)"]
[Date "2010.07.16"]
[Round "8.11"]
[White "Vincenti, Francois-Xavier"]
[Black "Duffau, Pascal"]
[Result "0-1"]
[WhiteElo "1848"]
[BlackElo "2034"]
[PlyCount "68"]
[EventDate "2010.??.??"]

1. d4 Nf6 2. Nf3 e6 3. g3 b6 4. Bg2 Bb7 5. O-O Be7 6. c4 O-O 7. b3 d5 8. Nbd2
c5 9. Bb2 Nc6 10. cxd5 exd5 11. Rc1 Re8 12. e3 Nb4 13. Ne5 Nxa2 14. Ra1 Nb4 15.
f4 a5 16. g4 Rc8 17. g5 Ne4 18. Nxe4 dxe4 19. Qh5 Qd5 20. f5 Qxb3 21. Ra3 Qd5
22. Rf4 cxd4 23. Nxf7 Bf8 24. Bxd4 Nc2 25. g6 h6 26. Nxh6+ gxh6 27. f6 Nxd4 28.
f7+ Kg7 29. Qxd5 Ne2+ 30. Kf2 Bxd5 31. fxe8=Q Rxe8 32. Rxf8 Rxf8+ 33. Kxe2 Kxg6
34. Rc3 Rf6 0-1

[Event "Saint-Chély d'Aubrac Op"]
[Site "Saint-Chély d'Aubrac (12)"]
[Date "2010.07.16"]
[Round "8.12"]
[White "Hug, Timothee"]
[Black "Viennot, Dylan"]
[Result "0-1"]
[WhiteElo "1691"]
[BlackElo "1969"]
[PlyCount "68"]
[EventDate "2010.??.??"]

1. e4 e6 2. d4 d5 3. Nc3 Nf6 4. e5 Nfd7 5. f4 c5 6. Nf3 Nc6 7. Be3 Be7 8. Be2
O-O 9. O-O f5 10. exf6 Nxf6 11. dxc5 Ng4 12. Qd2 Nxe3 13. Qxe3 d4 14. Qd2 dxc3
15. Qxc3 Qd5 16. Kh1 Qxc5 17. Qd2 Qb4 18. c3 Qxf4 19. Qc2 Qh6 20. Bd3 Bd7 21.
Rad1 Be8 22. Qb3 Na5 23. Qc2 Rc8 24. b3 Nc6 25. Rde1 Bh5 26. Bc4 Bf7 27. Qe2
Na5 28. Bxe6 Bxe6 29. Qxe6+ Qxe6 30. Rxe6 Bf6 31. c4 Rfe8 32. Rfe1 Rxe6 33.
Rxe6 Kf7 34. Re1 Nc6 0-1

[Event "Saint-Chély d'Aubrac Op"]
[Site "Saint-Chély d'Aubrac (12)"]
[Date "2010.07.16"]
[Round "8.13"]
[White "Pieri, Pierre-Louis"]
[Black "Grange, Emmanuel"]
[Result "1-0"]
[WhiteElo "1943"]
[BlackElo "1460"]
[PlyCount "55"]
[EventDate "2010.??.??"]

1. e4 e6 2. Nf3 d5 3. e5 c5 4. d4 Nc6 5. c3 Qb6 6. a3 Nge7 7. b4 cxd4 8. cxd4
Nf5 9. Be3 Be7 10. Nc3 O-O 11. Bd3 Nxe3 12. fxe3 f6 13. exf6 Rxf6 14. O-O Bd7
15. b5 Nd8 16. Qc2 h6 17. Ne5 Be8 18. a4 Rc8 19. Nxd5 Rxc2 20. Nxb6 Rc3 21.
Nbc4 Nf7 22. Rfc1 Bb4 23. Rxc3 Bxc3 24. Rc1 Nxe5 25. dxe5 Bxe5 26. Nxe5 a6 27.
Rc8 Rf8 28. Ng6 1-0

[Event "Saint-Chély d'Aubrac Op"]
[Site "Saint-Chély d'Aubrac (12)"]
[Date "2010.07.16"]
[Round "8.14"]
[White "Carno, Matthias"]
[Black "Joyeux, Gerard"]
[Result "1-0"]
[WhiteElo "1925"]
[BlackElo "1657"]
[PlyCount "51"]
[EventDate "2010.??.??"]

1. e4 c5 2. Nc3 Nc6 3. f4 d6 4. d3 e6 5. Be3 Be7 6. Nf3 d5 7. exd5 exd5 8. Bf2
Nf6 9. h3 O-O 10. Qd2 Re8 11. O-O-O d4 12. Ne4 Qd5 13. c4 Nxe4 14. dxe4 Qd8 15.
Bd3 Nb4 16. Bb1 Qa5 17. a3 Nc6 18. Qd3 Qc7 19. e5 g6 20. g4 Rf8 21. Rde1 Nd8
22. f5 Nc6 23. f6 Bd8 24. Qd2 Kh8 25. Qh6 Rg8 26. Ng5 1-0

[Event "Saint-Chély d'Aubrac Op"]
[Site "Saint-Chély d'Aubrac (12)"]
[Date "2010.07.16"]
[Round "8.15"]
[White "Saucey, Capucine"]
[Black "Herrero, Alain"]
[Result "1/2-1/2"]
[WhiteElo "1828"]
[BlackElo "1762"]
[PlyCount "50"]
[EventDate "2010.??.??"]

1. e4 c5 2. c3 d5 3. exd5 Qxd5 4. d4 Nf6 5. Nf3 e6 6. Ne5 cxd4 7. cxd4 Nc6 8.
Nxc6 Qxc6 9. Nc3 a6 10. Bf4 Bd6 11. Bxd6 Qxd6 12. Be2 Bd7 13. Qd2 Bc6 14. O-O
O-O 15. f4 Rfd8 16. Rad1 Rac8 17. Qe3 Nd5 18. Qg3 Nxc3 19. bxc3 Bd5 20. Rd2 Bc4
21. Bxc4 Rxc4 22. Rfd1 Qc7 23. Rd3 h6 24. Qh4 Rd5 25. Qg3 Kf8 1/2-1/2

[Event "Saint-Chély d'Aubrac Op"]
[Site "Saint-Chély d'Aubrac (12)"]
[Date "2010.07.16"]
[Round "8.17"]
[White "Devoille, Hugo"]
[Black "Ferrer, Lauriane"]
[Result "1-0"]
[WhiteElo "1746"]
[BlackElo "1650"]
[PlyCount "37"]
[EventDate "2010.??.??"]

1. e4 c5 2. Nf3 d6 3. Bb5+ Nc6 4. O-O a6 5. Bxc6+ bxc6 6. h3 e5 7. c3 Nf6 8.
Re1 Be7 9. d4 cxd4 10. cxd4 exd4 11. Nxd4 Qc7 12. Bf4 Nd7 13. Nf5 Bf6 14. Bxd6
Qb6 15. e5 Bg5 16. Nxg7+ Kd8 17. e6 fxe6 18. Nxe6+ Ke8 19. Qh5# 1-0

[Event "Saint-Chély d'Aubrac Op"]
[Site "Saint-Chély d'Aubrac (12)"]
[Date "2010.07.16"]
[Round "8.18"]
[White "Manser, Lucas"]
[Black "Luciani, Thibault"]
[Result "0-1"]
[WhiteElo "1642"]
[BlackElo "1887"]
[PlyCount "96"]
[EventDate "2010.??.??"]

1. e4 c5 2. Nf3 Nc6 3. Bb5 g6 4. Bxc6 dxc6 5. d3 Bg7 6. Nc3 e5 7. Be3 Qe7 8.
O-O Nf6 9. h3 O-O 10. Qd2 Nd7 11. Rfe1 Rd8 12. Nh2 Nf8 13. Qc1 f6 14. f4 exf4
15. Bxf4 Ne6 16. Rf1 Nxf4 17. Qxf4 Be6 18. a3 c4 19. Rad1 cxd3 20. cxd3 f5 21.
Qc1 Bb3 22. Rde1 f4 23. Rf3 Bd4+ 24. Kh1 Be3 25. Qb1 Qd6 26. Ng4 Qxd3 27. Qxd3
Rxd3 28. Nxe3 fxe3 29. Rfxe3 Rxe3 30. Rxe3 Bc4 31. Re1 Rd8 32. Rd1 Rxd1+ 33.
Nxd1 Kf7 34. g4 Ke6 35. Kg2 Ke5 36. Kf3 g5 37. Ke3 Bf1 38. Nf2 c5 39. b3 b5 40.
a4 a6 41. a5 c4 42. b4 Bg2 43. Kd2 Bxe4 44. Kc3 Bg2 45. Kd2 Kd4 46. Kc2 h6 47.
Kd2 c3+ 48. Kc2 Kc4 0-1

[Event "Saint-Chély d'Aubrac Op"]
[Site "Saint-Chély d'Aubrac (12)"]
[Date "2010.07.16"]
[Round "8.19"]
[White "Messinger, Karl"]
[Black "Souttre, Matthieu"]
[Result "1-0"]
[WhiteElo "1870"]
[BlackElo "1550"]
[PlyCount "87"]
[EventDate "2010.??.??"]

1. e4 e5 2. Nf3 Nc6 3. Bb5 d6 4. d4 exd4 5. Nxd4 Bd7 6. Bxc6 Bxc6 7. Nxc6 bxc6
8. O-O Nf6 9. Qe2 Be7 10. Nc3 O-O 11. f4 Re8 12. Bd2 Qc8 13. Rae1 Kh8 14. h3
Qb7 15. b3 Qb6+ 16. Kh2 Qd4 17. Rf3 Rab8 18. Na4 Ng8 19. Bc3 Qxa4 20. bxa4 Nf6
21. Bxf6 Bxf6 22. Rb3 Rb6 23. a5 Rxb3 24. axb3 Bc3 25. Rd1 Bxa5 26. Qc4 Kg8 27.
Qxc6 Rd8 28. e5 g6 29. g4 Bb6 30. f5 h5 31. gxh5 gxh5 32. f6 h4 33. Qg2+ Kh8
34. e6 Rg8 35. Qxg8+ Kxg8 36. e7 Kh7 37. e8=Q Kg6 38. Qe4+ Kxf6 39. Rf1+ Kg7
40. Qf5 a5 41. Qf6+ Kh7 42. Qxf7+ Kh6 43. Rf6+ Kg5 44. Qg6# 1-0

[Event "Saint-Chély d'Aubrac Op"]
[Site "Saint-Chély d'Aubrac (12)"]
[Date "2010.07.16"]
[Round "8.20"]
[White "Marie, Olivier"]
[Black "Levy, Nicolas"]
[Result "0-1"]
[WhiteElo "1710"]
[BlackElo "1610"]
[PlyCount "74"]
[EventDate "2010.??.??"]

1. e4 c5 2. c4 d6 3. Nc3 Nf6 4. d3 g6 5. h3 Bg7 6. g4 O-O 7. Nge2 Bd7 8. Be3 a6
9. Bg2 Bc6 10. Nf4 e5 11. Nfe2 b5 12. Ng3 b4 13. Nce2 Nbd7 14. g5 Ne8 15. h4 f6
16. Ng1 fxg5 17. hxg5 Qb6 18. Qg4 Rf7 19. Nf3 Rb8 {(=)} 20. Nh4 Nc7 21. Qh3 Nf8
22. Ne2 Bd7 23. Qh2 Nce6 24. Bf1 Qd8 {(=)} 25. Qg3 Qa5 26. Bd2 Qb6 27. f4 exf4
28. Nxf4 Be5 29. Nhg2 Nxf4 30. Nxf4 Ne6 31. Qg2 Bxf4 32. Bxf4 Nxf4 33. Qg3 b3
34. a3 Qa5+ 35. Kd1 Rbf8 36. Rc1 Nh5 37. Qe1 Rxf1 0-1

[Event "Saint-Chély d'Aubrac Op"]
[Site "Saint-Chély d'Aubrac (12)"]
[Date "2010.07.16"]
[Round "8.21"]
[White "Grange, Romain"]
[Black "Kirchhoff, Matthieu"]
[Result "0-1"]
[WhiteElo "1690"]
[BlackElo "1581"]
[PlyCount "122"]
[EventDate "2010.??.??"]

1. c4 e6 2. Nc3 d5 3. d4 Nf6 4. Bg5 Be7 5. Nf3 Nbd7 6. e3 O-O 7. Bd3 h6 8. Bh4
b6 9. Rc1 c5 10. O-O Bb7 11. Re1 Ne4 12. Bxe7 Qxe7 13. cxd5 exd5 14. Nd2 Ndf6
15. Ncxe4 Nxe4 16. Bxe4 dxe4 17. dxc5 bxc5 18. Qc2 Rfd8 19. Nb3 Rac8 20. Red1
Bd5 21. Nd2 Rd7 22. Nxe4 Bxe4 23. Rxd7 Qxd7 24. Qxe4 Qd2 25. Qc2 Qd5 26. b3 Rd8
27. h3 Rc8 28. Qd1 Qe6 29. Qg4 Qc6 30. Qc4 Qd6 31. b4 Qd2 32. bxc5 Rb8 33. Qc2
Qd5 34. c6 Rc8 35. c7 Qa5 36. Rd1 Qxc7 37. Qxc7 Rxc7 38. Rd8+ Kh7 39. Ra8 Kg6
40. Kh2 Kf5 41. Kg3 Ke4 42. Rd8 f6 43. Rd4+ Ke5 44. f4+ Ke6 45. Kf3 Rc2 46. Ra4
Rc7 47. g4 Kf7 48. Ke4 Kg6 49. h4 Re7+ 50. Kd3 Rd7+ 51. Kc4 Re7 52. Ra3 h5 53.
g5 fxg5 54. hxg5 Kf5 55. Kd3 g6 56. Ke2 Kg4 57. Rd3 h4 58. Kf2 Rb7 59. Rd2 h3
60. Re2 Rb1 61. e4 h2 0-1

[Event "Saint-Chély d'Aubrac Op"]
[Site "Saint-Chély d'Aubrac (12)"]
[Date "2010.07.16"]
[Round "8.22"]
[White "Faraill, Sebastien"]
[Black "Tassetti, Florent"]
[Result "1/2-1/2"]
[WhiteElo "1516"]
[BlackElo "1676"]
[PlyCount "47"]
[EventDate "2010.??.??"]

1. Nf3 Nf6 2. c4 c5 3. Nc3 Nc6 4. e4 d6 5. a3 Bg4 6. Be2 g6 7. b3 Bg7 8. Qc2
Bxf3 9. gxf3 Nd4 10. Qa2 Nh5 11. Bb2 Nc2+ 12. Kf1 Nxa1 13. Qxa1 Nf4 14. h4 Nxe2
15. Nxe2 Bxb2 16. Qxb2 Rg8 17. Nf4 Qd7 18. Nd5 b5 19. e5 Rb8 20. d3 bxc4 21.
dxc4 dxe5 22. Qxe5 Qd6 23. Nf6+ Kf8 24. Nxh7+ 1/2-1/2

[Event "Saint-Chély d'Aubrac Op"]
[Site "Saint-Chély d'Aubrac (12)"]
[Date "2010.07.16"]
[Round "8.23"]
[White "Franceschini, Francois-Marie"]
[Black "Grange, Laurent"]
[Result "1-0"]
[WhiteElo "1670"]
[BlackElo "1513"]
[PlyCount "67"]
[EventDate "2010.??.??"]

1. e4 c6 2. Nf3 d5 3. exd5 cxd5 4. d4 Nf6 5. Nc3 e6 6. Bb5+ Bd7 7. Bxd7+ Nbxd7
8. O-O a6 9. Bg5 Qc7 10. Qd3 Bd6 11. Rac1 O-O 12. Ne2 b5 13. Ng3 Bxg3 14. fxg3
Ne4 15. Bf4 Qc4 16. Qxc4 bxc4 17. b3 c3 18. Ng5 Nxg5 19. Bxg5 h6 20. Be7 Rfc8
21. Rf3 Rc6 22. Rcf1 f6 23. Bb4 Rac8 24. Rd3 e5 25. dxe5 d4 26. exf6 Nxf6 27.
Rxd4 Re6 28. Rfd1 Kh7 29. Rd6 Re2 30. Rc1 Ne4 31. Rdd1 Re8 32. Re1 Nxg3 33.
Bxc3 Rxc2 34. Rxc2 1-0

[Event "Saint-Chély d'Aubrac Op"]
[Site "Saint-Chély d'Aubrac (12)"]
[Date "2010.07.16"]
[Round "8.24"]
[White "Moulie, Patrick"]
[Black "Neff, Thomas"]
[Result "1-0"]
[WhiteElo "1639"]
[BlackElo "1660"]
[PlyCount "129"]
[EventDate "2010.??.??"]

1. e4 e5 2. f4 d6 3. Nf3 Nc6 4. Bc4 Bg4 5. c3 Nf6 6. d3 Na5 7. Bb5+ c6 8. Ba4
b5 9. Bc2 Be7 10. a4 a6 11. axb5 axb5 12. b4 Nb7 13. Rxa8 Qxa8 14. O-O Qa7+ 15.
Kh1 O-O 16. h3 Bxf3 17. Qxf3 h6 18. g4 Nh7 19. fxe5 dxe5 20. Be3 Qa2 21. Qd1
Qe6 22. Bb3 Qd7 23. Qe2 Nd8 24. Nd2 Ne6 25. Nf3 f6 26. d4 Bd6 27. d5 cxd5 28.
Bxd5 Re8 29. Nh4 Nhf8 30. Nf5 Kh8 31. h4 Ng6 32. h5 Ngf4 33. Qd2 Rd8 34. Rd1
Bc7 35. Nh4 Kh7 36. Bxe6 Qxd2 37. Bf5+ Kh8 38. Rxd2 Rxd2 39. Bxd2 Nd3 40. Kg2
Nb2 41. Bd7 Nc4 42. Bc1 Nd6 43. Kf3 Kg8 44. Nf5 Nb7 45. Bxb5 Kf7 46. c4 Nd6 47.
Nxd6+ Bxd6 48. c5 Bc7 49. Ba3 Ke6 50. Bc4+ Kd7 51. b5 Kc8 52. b6 Bd8 53. Bd5
Be7 54. Ke3 Kb8 55. Kd3 Kc8 56. Kc4 Kb8 57. Kb5 Kc8 58. Bb4 Kd7 59. c6+ Kd8 60.
c7+ Kd7 61. Be6+ Kxe6 62. c8=Q+ Kf7 63. Bxe7 Kxe7 64. Kc5 Kf7 65. b7 1-0

[Event "Saint-Chély d'Aubrac Op"]
[Site "Saint-Chély d'Aubrac (12)"]
[Date "2010.07.16"]
[Round "8.25"]
[White "Balducchi, Francois"]
[Black "Bou, Georges"]
[Result "1-0"]
[WhiteElo "1721"]
[BlackElo "1473"]
[PlyCount "31"]
[EventDate "2010.??.??"]

1. e4 e6 2. d4 d5 3. Nd2 c5 4. c3 Bd7 5. Bd3 cxd4 6. cxd4 Bb4 7. Ne2 Bc6 8. e5
f6 9. exf6 Nxf6 10. O-O O-O 11. Nf3 Nbd7 12. Bg5 Be7 13. Nf4 Ne4 14. Nxe6 Qb6
15. Bxe7 Rxf3 16. gxf3 1-0

[Event "Saint-Chély d'Aubrac Op"]
[Site "Saint-Chély d'Aubrac (12)"]
[Date "2010.07.16"]
[Round "8.26"]
[White "Rateau, Cyprien"]
[Black "Guerry, Emilien"]
[Result "0-1"]
[WhiteElo "1360"]
[BlackElo "1650"]
[PlyCount "50"]
[EventDate "2010.??.??"]

1. d4 d5 2. Nc3 Nf6 3. Bf4 a6 4. Nf3 Nc6 5. e3 Bg4 6. Be2 e6 7. h3 Bh5 8. a3 h6
9. Ne5 Nxe5 10. Bxe5 Bg6 11. O-O Be7 12. Re1 O-O 13. Bd3 Bxd3 14. Qxd3 b6 15.
Ne2 c5 16. Rab1 c4 17. Qd1 b5 18. Nf4 Nd7 19. Nh5 Nxe5 20. dxe5 Kh8 21. Qg4 Rg8
22. Rbd1 Bc5 23. Ra1 a5 24. b3 Qe7 25. e4 cxb3 0-1

[Event "Saint-Chély d'Aubrac Op"]
[Site "Saint-Chély d'Aubrac (12)"]
[Date "2010.07.16"]
[Round "8.28"]
[White "Muheim, Xavier"]
[Black "Degraeve, Remy"]
[Result "0-1"]
[WhiteElo "1470"]
[BlackElo "1320"]
[PlyCount "68"]
[EventDate "2010.??.??"]

1. e4 e5 2. Nf3 Nc6 3. Bb5 Bc5 4. a3 a5 5. O-O Nd4 6. Nxd4 Bxd4 7. c4 c6 8. Ba4
d6 9. Nc3 Be6 10. Nb5 cxb5 11. Bxb5+ Bd7 12. Qa4 Nf6 13. Kh1 O-O 14. f4 Be6 15.
c5 dxc5 16. fxe5 Bxe5 17. Bc4 Rc8 18. d3 Bd7 19. Bb5 Bg4 20. Bg5 Bxb2 21. Ra2
Be5 22. Bxf6 Bxf6 23. e5 Bxe5 24. Qxg4 Qd6 25. Rf3 Qe7 26. Re2 Qd6 27. Rf5 Rfe8
28. Bxe8 Rxe8 29. Qh5 g6 30. Qg5 Qd4 31. g3 Qd5+ 32. Re4 Qxd3 33. Kg2 Qxe4+ 34.
Kh3 Qxf5+ 0-1